Adjusting to tougher duties under the DDA (Record no. 81905)
[ view plain ]
| 000 -LEADER | |
|---|---|
| fixed length control field | 01459cab a22002535a 4500 |
| 001 - CONTROL NUMBER | |
| control field | L148602 |
| 008 - FIXED-LENGTH DATA ELEMENTS--GENERAL INFORMATION | |
| fixed length control field | 091012s2009 xxk f l 000 0 eng d |
| 035 ## - SYSTEM CONTROL NUMBER | |
| System control number | (Sirsi) u148602 |
| 041 0# - LANGUAGE CODE | |
| Language code of text/sound track or separate title | eng |
| 100 1# - MAIN ENTRY--PERSONAL NAME | |
| Personal name | Whiting, Emma |
| 245 00 - TITLE STATEMENT | |
| Title | Adjusting to tougher duties under the DDA |
| 260 ## - PUBLICATION, DISTRIBUTION, ETC. | |
| Date of publication, distribution, etc. | 2009 |
| 490 #0 - SERIES STATEMENT | |
| Series statement | Facilities Management |
| Volume/sequential designation | 17(1) October 2009, 20-21(2) |
| 520 ## - SUMMARY, ETC. | |
| Summary, etc. | Recent case law has increased the obligation of employers and service providers to accommodate disabled people?s needs. SCA Packaging Ltd v Doyle, [2009] UKHL 37, has opened the doors to many more people qualifying for protection under the Disability Discrimination Act 1995. Mayor and Burgesses of Lewisham LBC v Malcolm, [2008] UKHL 43 (L144352) went against much of the established case law on disability-related discrimination claims, making such claims harder to pursue. Fareham College Corporation v Walters, [2009] UKEAT 0396_08_1405, held that the college?s failure to make reasonable adjustments to avoid dismissing W rendered the dismissal itself an act of discrimination. |
| 590 ## - LOCAL NOTE (RLIN) | |
| Local note | KA |
| 650 24 - SUBJECT ADDED ENTRY--TOPICAL TERM | |
| Topical term or geographic name entry element | DISABILITY DISCRIMINATION ACT 1995 |
| 650 24 - SUBJECT ADDED ENTRY--TOPICAL TERM | |
| Topical term or geographic name entry element | DISABILITY DISCRIMINATION ACT 1995 SCH.1 |
| 650 24 - SUBJECT ADDED ENTRY--TOPICAL TERM | |
| Topical term or geographic name entry element | SCA PACKAGING LTD V BOYLE |
| 650 24 - SUBJECT ADDED ENTRY--TOPICAL TERM | |
| Topical term or geographic name entry element | LEWISHAM LBC V MALCOLM |
| 650 24 - SUBJECT ADDED ENTRY--TOPICAL TERM | |
| Topical term or geographic name entry element | FAREHAM COLLEGE CORPORATION V WALTERS |
| 651 #4 - SUBJECT ADDED ENTRY--GEOGRAPHIC NAME | |
| Geographic name | United Kingdom |
| Chronological subdivision | |
| 690 ## - LOCAL SUBJECT ADDED ENTRY--TOPICAL TERM (OCLC, RLIN) | |
| Topical term or geographic name as entry element | MANAGEMENT-BUSINESS MANAGEMENT-DISCRIMINATION-DISABILITY DISCRIMINATION |
| 942 ## - ADDED ENTRY ELEMENTS (KOHA) | |
| Suppress in OPAC | 0 |
| Withdrawn status | Lost status | Source of classification or shelving scheme | Damaged status | Not for loan | Home library | Current library | Shelving location | Date acquired | Total Checkouts | Full call number | Barcode | Date last seen | Copy number | Price effective from | Koha item type |
|---|---|---|---|---|---|---|---|---|---|---|---|---|---|---|---|
| Dewey Decimal Classification | London | London | Journals | 12/10/2009 | L148602 | 148602-1001 | 06/08/2019 | 1 | 06/08/2019 | Journal article |